00740nam a22002177a 450000500170000001000140001702000100003103500130004103700130005408200110006710000250007824500670010326000470017027000680021730000200028570000270030570000230033294200200035599900170037595201300039220100810142950.0 aENG-99372 c90.00 aEN-82904 bDBAD/PUB a346.07 aSaravanavel,P910516 aBusiness lawcby P Saravanavel, H R Appannaiah [and] P N Reddy aNew DelhibHimalaya Publishing Housec2006 a4-B Murari Lal Street Ansari Road Darya GanjbNew Delhie110002 a180pc24cm(pbk) aAppannaiah,H R 910176 aReddy, P N 910177 2ddccENh346.07 c40683d40683 001040718NFICaDBADbDBADd2010-08-10eDBAD/PUBg90.00l0o346.07pEN-82904r2010-08-10 00:00:00t1v90.00w2010-08-10yEN